000 00233 a2200085 4500
100 1 _aMara, Josef.
_eAutor
245 0 _aZaklady metrologie spoju /
_cMara Josef.
710 2 _aNADAS.
_eWydawca
_4pbl
260 _aPraha :
_bNADAS,
_c1976.
300 _a166 s.;
_c25 cm.
999 _c7560
_d7560